000 00370nam a2200145Ia 4500
008 231129s2013||||xx |||||||||||||| ||spa||
020 _a958-42-1125-0
040 _bspa
082 _aCo863 S586p
100 _aSilva Romero Ricardo
245 0 _aParece que va a llover
260 _c2013
264 _aPlaneta
942 _2ddc
_cBKS
999 _c22437
_d22437